Various Abbreviations: A to Z #5 - Statistics

General Stats
  • This quiz has been taken 12 times
    3 since last reset
  • The average score is 24 of 92
Answer Stats
Category Abbreviation Answer % Correct
processors AMD Advanced
100%
processors AMD Devices
100%
gaming XP Experience
100%
medicine fMRI Magnetic
100%
processors AMD Micro
100%
gaming XP Point
100%
medicine fMRI Resonance
100%
disease BSE Bovine
50%
theme park EPCOT Community
50%
software IDE Development
50%
graphics standard HEIF Efficiency
50%
disease BSE Encephalopathy
50%
software IDE Environment
50%
communication LTE Evolution
50%
theme park EPCOT Experimental
50%
graphics standard HEIF File Format
50%
too big to fail SIFI Financial
50%
medicine fMRI functional
50%
graphics standard HEIF High
50%
graphics standard HEIF Image
50%
medicine fMRI Imaging
50%
too big to fail SIFI Important
50%
too big to fail SIFI Institution
50%
booting UEFI Interface
50%
communication LTE Long-
50%
communication WLAN Network
50%
explosives TNT nitro
50%
theme park EPCOT Of
50%
intergovernmental OECD Organisation
50%
theme park EPCOT Prototype
50%
web feed RSS RDF
50%
web feed RSS Site
50%
disease BSE Spongiform
50%
web feed RSS Summary
50%
too big to fail SIFI Systemically
50%
communication LTE Term
50%
explosives TNT toluene
50%
theme park EPCOT Tomorrow
50%
explosives TNT Tri
50%
communication WLAN Wireless
50%
phrase YMMV Your
50%
program D.A.R.E. Abuse
0%
sports organisation CONCACAF America
0%
communication WLAN Area
0%
observatory VLA Array
0%
sports organisation CONCACAF Association
0%
television MSNBC Broadcasting
0%
sports organisation CONCACAF Caribbean
0%
sports organisation CONCACAF Central
0%
television MSNBC Company
0%
sports organisation CONCACAF Confederation
0%
intergovernmental OECD Co-operation
0%
US agency NCIS Criminal
0%
intergovernmental OECD Development
0%
program D.A.R.E. Drug
0%
intergovernmental OECD Economic
0%
program D.A.R.E. Education
0%
spacecraft Juice Explorer
0%
booting UEFI Extensible
0%
booting UEFI Firmware
0%
sports organisation CONCACAF Football
0%
computer storage GPT GUID
0%
scripting language PHP Hypertext
0%
spacecraft Juice Icy
0%
software IDE Integrated
0%
US agency NCIS Investigative
0%
principle KISS It
0%
spacecraft Juice Jupiter
0%
principle KISS Keep
0%
observatory VLA Large
0%
communication WLAN Local
0%
phrase YMMV May
0%
television MSNBC Microsoft
0%
phrase YMMV Mileage
0%
television MSNBC National
0%
US agency NCIS Naval
0%
sports organisation CONCACAF North,
0%
sports organisation CONCACAF Of
0%
computer storage GPT Partition
0%
scripting language PHP PHP:
0%
scripting language PHP Preprocessor
0%
astrophysics Quasar Quasi-
0%
program D.A.R.E. Resistance
0%
US agency NCIS Service
0%
principle KISS Simple,
0%
astrophysics Quasar stellar
0%
principle KISS Stupid!
0%
computer storage GPT Table
0%
booting UEFI Unified
0%
phrase YMMV Vary
0%
observatory VLA Very
0%
SI-prefix Z Zetta
0%
No matching quizzes found
Score Distribution
Percent of People with Each Score
Percentile by Number Answered
Your Score History
You have not taken this quiz since the last reset